| 000 | 00425nam a2200169Ia 4500 | ||
|---|---|---|---|
| 005 | 20250321021144.0 | ||
| 008 | 240331s9999 xx 000 0 und d | ||
| 020 | _a9552071844 | ||
| 082 |
_bALA _a891 |
||
| 100 | _aAlahakoon,U | ||
| 245 | 0 | _aIndira Gandhi mage sathyaya | |
| 250 | _a3rd | ||
| 260 |
_aColombo _bGodake And sons _c2004 |
||
| 300 | _a184 p ., | ||
| 500 | _aMilestones in the Life of Indra Gandhi | ||
| 942 | _cL | ||
| 999 |
_c5369 _d5369 |
||